000 00278nam a22001337a 4500
008 180912b xxu||||| |||| 00| 0 eng d
020 _a9780835935005
041 _aeng
080 _a510
100 _a36
101 _aMAT
245 _aAlgebra 1
_cFearon, G
942 _2udc
_cBK
999 _c47716
_d47716